LEADER 00772nam0-22003011--450- 001 990008210920403321 005 20051024103702.0 010 $a0198253044 035 $a000821092 035 $aFED01000821092 035 $a(Aleph)000821092FED01 035 $a000821092 100 $a20051024d1971----km-y0itay50------ba 101 0 $aeng 102 $aGB 105 $ay---n---001yy 200 1 $a<>British ombudsman$f[by] Frank Stacey 210 $aOxford$cClarendon Press$d1971 215 $a351 p.$d23 cm 676 $a328.42 700 1$aStacey,$bFrank A.$050713 801 0$aIT$bUNINA$gRICA$2UNIMARC 901 $aBK 912 $a990008210920403321 952 $aVI G 419$b4587$fDDA 959 $aDDA 996 $aBritish ombudsman$9739791 997 $aUNINA LEADER 01166nam a2200337 i 4500 001 991001166009707536 005 20020507184445.0 008 960920s1996 us ||| | eng 020 $a0387944575 035 $ab10809909-39ule_inst 035 $aLE01308075$9ExL 040 $aDip.to Matematica$beng 082 0 $a512.72 084 $aAMS 11A41 084 $aAMS 11A51 084 $aAMS 11B39 084 $aLC QA246.R47 100 1 $aRibenboim, Paulo$013070 245 14$aThe new book of prime number records /$cPaulo Ribenboim 250 $a[3rd ed.] 260 $aNew York :$bSpringer-Verlag,$cc1996 300 $axxiv, 541 p. ;$c25 cm 500 $a1Rev. ed. of: The book of prime number records. - 2nd ed. c1989. 500 $a2Includes bibliographical references (p. 433-507) and index 650 4$aPrime numbers 907 $a.b10809909$b21-09-06$c28-06-02 912 $a991001166009707536 945 $aLE013 11A RIB11 (1996)$g1$i2013000071879$lle013$o-$pE0.00$q-$rl$s- $t0$u3$v1$w3$x0$y.i1091514x$z28-06-02 996 $aNew book of prime number records$9924995 997 $aUNISALENTO 998 $ale013$b01-01-96$cm$da $e-$feng$gus $h4$i1